000 00644cam a2200217 4500
001 D13612
008 090401t1967 xxu||||| |||| 00| 0 eng d
035 _a(Sirsi) u10790
041 _aeng
050 _a692.5
100 _aPerry, Charles Alexander
245 _aTeach yourself quantity surveying.
250 _a3rd ed.
260 _aLondon
_bEnglish Universities Press
_c1967
300 _a159p. illus. (incl.forms). plans. facsims. tables. diagrs.
350 _a0
520 _aRevised by E.W. Ashford. - Shelved at Reserve shelf 133. Teach yourself books.
700 _aAshford, E.W.
_xEditor
942 _n0
948 _c04/03/1997
999 _c86774
_d86774